| 000 | 01163cam a2200277 a 4500 | ||
|---|---|---|---|
| 001 | 1143530 | ||
| 003 | NUST-PNEC | ||
| 005 | 20170116180735.0 | ||
| 008 | 950523s1995 enka b 001 0 eng | ||
| 010 | _a 95022125 | ||
| 020 | _a0201422905 | ||
| 040 | _cPNEC | ||
| 050 | 0 | 0 |
_aQA76.76.C65 _bW55 1995 |
| 082 | 0 | 0 |
_a005.453 WIL _220 |
| 100 | 1 |
_aWilhelm, R. _q(Reinhard), _d1946- |
|
| 245 | 1 | 0 |
_aCompiler design / _cReinhard Wilhelm, Dieter Maurer ; translated by Stephen S. Wilson. |
| 260 |
_aWokingham, England : _aReading, MA : _bAddison-Wesley Publishing Co., _c1995. |
||
| 300 |
_axv, 606 p. : _bill. ; _c24 cm. |
||
| 504 | _aIncludes bibliographical references (p. 591-598) and index. | ||
| 650 | 0 |
_aCompilers (Computer programs) _xComputer, MIS |
|
| 700 | 1 |
_aMaurer, Dieter, _cDipl.-Math. |
|
| 856 | _uhttp://www.amazon.com/Compiler-Design-International-Computer-Science/dp/0201422905/ref=sr_1_1?s=books&ie=UTF8&qid=1416658334&sr=1-1&keywords=0201422905 | ||
| 906 |
_a7 _bcbc _corignew _d1 _eocip _f19 _gy-gencatlg |
||
| 942 |
_2ddc _cBK |
||
| 999 |
_c61916 _d61916 |
||